000 00398nam a22001457a 4500
005 20200604104416.0
008 200604b xxu||||| |||| 00| 0 eng d
082 _a345.4 AIR
110 _aThe All India Reporter
_95780
245 _aThe All India Reporter1965 (V-52) GUJRATT Section
260 _aBOMBAY
_bThe All India Reporter Ltd.
_c1965
300 _a304p.
650 _aLAW
_95701
942 _cJRL
999 _c6804
_d6802